Logo BPK

Biblioteka

Politechniki Koszalińskiej

Marine fisheries ecology / (Rekord nr 40744)

Szczegóły MARC
000 -ETYKIETA REKORDU
podpole kontrolne o stałej długości 00817nam a2200265 i 4500
001 - NUMER KONTROLNY REKORDU
pole kontrolne bg
020 ## - MIĘDZYNARODOWY ZNORMALIZOWANY NUMER KSIĄŻKI - ISBN
ISBN 0632050985
040 ## - ŹRÓDŁO KATALOGOWANIA
Instytucja, która utworzyła rekord BPK
041 0# - KOD JĘZYKA
Kod języka tekstu en
080 ## - UNIWERSALNA KLASYFIKACJA DZIESIĘTNA - UKD
UKD 338.4(26):639.22:504.7
920 ## - Międzynarodowy znormalizowany numer książki – ISBN
ISBN 0-632-05098-5
008 - POLE O STAŁEJ DŁUGOŚCI - DANE KONTROLNE
podpole kontrolne o stałej długości s pl f |000 0 pol
100 1# - NAZWA OSOBOWA
Nazwa osobowa JENNINGS, Simon
245 10 - TYTUŁ/ODPOWIEDZIALNOŚĆ
Tytuł Marine fisheries ecology /
Pozostałe elementy strefy tytułu i oznaczenia odpowiedzialności Simon Jennings, Michel J. Kaiser, John D. Reynolds.
260 ## - STREFA ADRESU WYDAWNICZEGO
Miejsce wydania Oxford :
Nazwa wydawcy/dystrybutora Blackwell Science,
Data publikacji, dystrybucji/powstania dokumentu 2001.
300 ## - STREFA OPISU FIZYCZNEGO
Objętość XIII, 417 s. :
Inne cechy fizyczne il. ;
Rozmiary 24 cm.
504 ## - UWAGA DOTYCZĄCA BIBLIOGRAFII
Informacje o bibliografii Bibliogr. - Indeks.
650 #9 - HASŁO PRZEDMIOTOWE W FORMIE NAZWY OGÓLNEJ LUB JEDNOSTKOWEJ
Nazwa ogólna lub geograficzna Gospodarka morska
650 #9 - HASŁO PRZEDMIOTOWE W FORMIE NAZWY OGÓLNEJ LUB JEDNOSTKOWEJ
Nazwa ogólna lub geograficzna Rybołówstwo
650 #9 - HASŁO PRZEDMIOTOWE W FORMIE NAZWY OGÓLNEJ LUB JEDNOSTKOWEJ
Nazwa ogólna lub geograficzna Ryby morskie
Określnik ogólny ekologia
700 1# - HASŁO DODATKOWE - NAZWA OSOBOWA
Nazwa osobowa KEISER, Michel J.
700 1# - HASŁO DODATKOWE - NAZWA OSOBOWA
Nazwa osobowa REYNOLDS, John D.
856 ## - LOKALIZACJA I DOSTĘP DO ELEKTRONICZNYCH DOKUMENTÓW ZDALNYCH
Link (URL) http://koha.tu.koszalin.pl/cgi-bin/koha/opac-detail.pl?biblionumber=40744
Tekst linku Katalog online BPK
942 ## - DODATKOWE ELEMENTY (KOHA)
Typ dokumentu Książka
Egzemplarze
Wycofany Status egzemplarza Uszkodzony Dostępność Lokalizacja stała Lokalizacja bieżąca Miejsce przechowywania Sygnatura Kod kreskowy Status: wypożyczony Typ dokumentu
      Dostępny Biblioteka Politechniki Koszalińskiej Biblioteka Politechniki Koszalińskiej Wypożyczalnia BG 62360 01643558 03.11.2026 Książka
© 2023 Biblioteka Politechniki Koszalińskiej :: KOHA